Vlastné imanie v účtovníctve podnikateľských subjektov diplomová práca

Enregistré dans:
Détails bibliographiques
Auteur principal: Zermegh, Ján
Collectivité auteur: Fakulta hospodárskej informatiky EU. Katedra účtovníctva a audítorstva
Autres auteurs: Szászová, Renáta
Format: Livre
Langue:slovaque
Publié: Bratislava 2014
Tags: Ajouter un tag
Pas de tags, Soyez le premier à ajouter un tag!

MARC

LEADER 00000nbm a2200000 4500
001 0188699
005 20170201105610.5
041 0 |a slo 
044 |a SK 
245 1 0 |a Vlastné imanie v účtovníctve podnikateľských subjektov  |b diplomová práca  |c Ján Zermegh ; školiteľ: Renáta Szászová 
264 1 |a Bratislava  |c 2014 
300 |a 72 s. 
100 1 |a Zermegh, Ján 
700 1 |a Szászová, Renáta 
710 2 |a Fakulta hospodárskej informatiky EU. Katedra účtovníctva a audítorstva